L'Arménie pour les touristes... - Facile - Statistiques

Statistiques générales
  • Ce quiz a été pris 75 fois
  • Le résultat moyen est 10 sur 20
Statistiques - réponses
Question Indice Réponses Indice facile % Correct
Quelle est la langue officielle ? Arménien
97%
Achats à faire 1/ Boisson Vin NIV
80%
Achats à faire 3/ Souvenirs du mont Ararat TARAAR
75%
Dans la capitale quel est le décalage horaire avec Paris ? (+ ou - et chiffre) ex - 10 ou + 3,5 + 2
70%
Combien d'heures (environ) mettrez-vous pour vous y rendre ? (en chiffres) 5
64%
Le principal aéroport est E Erevan
62%
Quelle est la monnaie ? Dram D
59%
Quelles sont les principaux lieux touristiques ? S Parc national de {Sevan} AVENS
57%
La religion majoritaire est Christianisme C
55%
Code sur les plaques minéralogiques AM
43%
Le suffixe internet est am
43%
Achats à faire 4/ Un tapis de type Kilim MILIK
42%
Quelles sont les principaux lieux touristiques ? K Lac {Kari} RAKI
35%
Quel est le climat local ? C Continental
32%
Quelles sont les principaux lieux touristiques ? K V Monastère de {Khor Virap} RAVOIRHKP
32%
Quel est le régime du pays ? R P République parlementaire
32%
Quelles sont les principaux lieux touristiques ? D Canyon du {Debed} BEDED
29%
Comment se nomme la principale compagnie aérienne locale F O A Fly One Armenia MOYENNERAIAFL
16%
Quelles sont les principaux lieux touristiques ? G Monastère {Geghard} GRADEGH
16%
Achats à faire 2/ Délices sucrés Fruits secs SUSCRITESF
13%
Aucun quiz correspondant
Distribution des résultats
% des personnes avec chaque résultat
Percentile par nombre de réponses
Votre historique - résultats
Vous n’avez pas pris ce quiz